000 00721nam a2200241Ia 4500
003 OSt
005 20220927105432.0
006 a|||||r|||| 00| 0
007 ta
008 220926b |||||||| |||| 00| 0 eng d
024 _a172603
037 _cReference Collections
040 _aRTL
_cRTL
_beng
041 _2eng
_aeng
082 _a"X9(D).2.P01 - P0r, P1/GD"
110 _aBALMER LAWRIE AND CO. LTD.
_9372510
245 0 _aAnnual report 2000-01.
260 _aKalkata
_bBalmer lawrie and co. ltd.
_c2001
300 _a80p.
_ccm.
700 _aBALMER LAWRIE AND CO. LTD.
_9372511
942 _h"X9(D).2.P01 - P0r, P1/GD"
_cCC
999 _c692543
_d692543